000 00327 a2200109 4500
001 ART_43936
005 20260410162026.0
008 260409a
245 1 0 _aInfrastructure investment
100 1 _aGramlich, Edward M.
773 0 _tJournal of economic literature
_g- Vol. XXXII, NÂș 3 (sep. 1994)
_wREV43676
999 _c33580
_d33580